Spain and the abolition of slavery in Cuba, 1817-1886.
Uloženo v:
| Hlavní autor: | |
|---|---|
| Médium: | Kniha |
| Jazyk: | španělština |
| Vydáno: |
Austin, Texas, USA
University of Texas Press
1967
|
| Edice: | Latin American Monographs.
9 |
| Témata: | |
| Tagy: |
Přidat tag
Žádné tagy, Buďte první, kdo vytvoří štítek k tomuto záznamu!
|
MARC
| LEADER | 00000nam a2200000 a 4500 | ||
|---|---|---|---|
| 001 | UCO1042 | ||
| 003 | CL-VaPUC | ||
| 005 | 20220829094355.0 | ||
| 008 | 000505e19670000US |||||||||||||||||spa|d | ||
| 999 | |c 287675 |d 287673 | ||
| 040 | |c Pontificia Universidad Católica de Valparaíso | ||
| 082 | 0 | 4 | |a 972.9105 COR 1967 |2 21 |
| 100 | 0 | |a Corwin, Arthur F |9 442786 | |
| 245 | 1 | 0 | |a Spain and the abolition of slavery in Cuba, 1817-1886. |
| 260 | 0 | 3 | |a Austin, Texas, USA |b University of Texas Press |c 1967 |
| 300 | |a 373 páginas | ||
| 490 | 0 | |a Latin American Monographs. |v 9 | |
| 583 | |a last modification |c 20000505 00:00:00 |k Rodrigo Vera | ||
| 650 | 7 | |a HISTORIA DE CUBA |2 CL-VaPUC |9 434680 | |
| 650 | 7 | |a COLONIA |2 CL-VaPUC |9 442787 | |
| 650 | 0 | |a Abolición de la esclavitud |9 398424 | |
| 651 | 7 | |a CUBA |2 CL-VaPUC |9 255263 | |
| 942 | |c BK |2 ddc | ||
| 945 | |d 20000505 00:00:00 |a crobeson | ||
| 952 | |0 0 |1 0 |2 ddc |4 0 |6 972_910500000000000_COR_1967 |7 0 |8 A |9 334621 |a BIBHIS |b BIBHIS |d 2019-11-20 |i 1273035 |o 972.9105 COR 1967 |p 1273035 |r 2025-01-20 |t 1 |w 2019-11-20 |y BK |k HIS | ||